কবি ফররুখ আহমদ : ঐতিহ্যের নবমূল্যায়ন / (Record no. 41416)
[ view plain ]
| 000 -LEADER | |
|---|---|
| fixed length control field | 01002nam a2200265 a 4500 |
| 001 - CONTROL NUMBER | |
| control field | 41416 |
| 003 - CONTROL NUMBER IDENTIFIER | |
| rucl marc code | BD-RjUL |
| 005 - DATE AND TIME OF LATEST TRANSACTION | |
| control field | 20211209053402.0 |
| 008 - FIXED-LENGTH DATA ELEMENTS--GENERAL INFORMATION | |
| fixed length control field | 160530s1985 bg ||||| |||| 00| 0 ben d |
| 020 ## - INTERNATIONAL STANDARD BOOK NUMBER | |
| Terms of availability | : Tk 18.00 |
| 035 ## - SYSTEM CONTROL NUMBER | |
| System control number | (BD-RjUL)41533 |
| 040 ## - CATALOGING SOURCE | |
| Original cataloging agency | BD-RjUL |
| Language of cataloging | ben |
| Transcribing agency | BD-RjUL |
| 041 ## - LANGUAGE CODE | |
| Language code of text/sound track or separate title | ben |
| 082 ## - DEWEY DECIMAL CLASSIFICATION NUMBER | |
| Edition number | 23 |
| Classification number | 928.9144 |
| Author mark and year | MOK 1985 |
| 100 ## - MAIN ENTRY--PERSONAL NAME | |
| Personal name | মঈনউদ্দিন, গোলাম |
| 9 (RLIN) | 124508 |
| 245 10 - TITLE STATEMENT | |
| Title | কবি ফররুখ আহমদ : ঐতিহ্যের নবমূল্যায়ন / |
| Statement of responsibility, etc. | গোলাম মঈনউদ্দিন |
| 250 ## - EDITION STATEMENT | |
| Edition statement | ২য় সং. |
| 260 ## - PUBLICATION, DISTRIBUTION, ETC. (IMPRINT) | |
| Place of publication, distribution, etc. | ঢাকা : |
| Name of publisher, distributor, etc. | ইসলামিক ফাউন্ডেশন, |
| Date of publication, distribution, etc. | ১৯৮৫ |
| 300 ## - PHYSICAL DESCRIPTION | |
| Pagination | [১৬], ১২৮ পৃ. ; |
| Size | ২১ সেমি. |
| 600 ## - SUBJECT ADDED ENTRY--PERSONAL NAME | |
| Personal name | আহমদ, ফররুখ, |
| Titles and other words associated with a name | Ahmad, Farrukh, |
| Titles and other words associated with a name | Begali Literature |
| Titles and other words associated with a name | বাংলা সাহিত্য |
| 942 ## - ADDED ENTRY ELEMENTS (KOHA) | |
| Source of classification or shelving scheme | Dewey Decimal Classification |
| Koha item type | Books |
| Lost status | Source of classification or shelving scheme | Damaged status | Not for loan | Collection code | Permanent Location | Current Location | Shelving location | Date acquired | Source of acquisition | Cost, normal purchase price | Total Checkouts | Total Renewals | Full call number | Date last seen | Date checked out | Copy number | Koha item type |
|---|---|---|---|---|---|---|---|---|---|---|---|---|---|---|---|---|---|
| Dewey Decimal Classification | Non-fiction | Central Library, University of Rajshahi | Central Library, University of Rajshahi | 12/05/1996 | Islamic Foundation Bangladesh | 18.00 | 5 | 1 | B 928.9144 MOK 1985 | 02/07/2025 | 30/06/2025 | C-2 | Books |